Crise et misère de la psychiatrie (notice n° 1591793)

détails MARC
000 -LEADER
fixed length control field 01060cam a2200217 4500500
005 - DATE AND TIME OF LATEST TRANSACTION
control field 20251228065553.0
041 ## - LANGUAGE CODE
Language code of text/sound track or separate title fre
042 ## - AUTHENTICATION CODE
Authentication code dc
100 10 - MAIN ENTRY--PERSONAL NAME
Personal name Skiredj-Hahn, Catherine
Relator term author
245 00 - TITLE STATEMENT
Title Crise et misère de la psychiatrie
260 ## - PUBLICATION, DISTRIBUTION, ETC.
Date of publication, distribution, etc. 2020.<br/>
500 ## - GENERAL NOTE
General note 60
520 ## - SUMMARY, ETC.
Summary, etc. Le Fil conducteur psy rassemble des familles, des parents et fratries, des patients et des soignants, tous touchés à des places différentes par la maladie mentale, pour défendre une conception humaniste de la folie. Quels enseignements dégageons-nous qui diffèrent de ceux d’autres associations de familles ? Qu’est devenu le soin en psychiatrie à partir de nos constats ?
690 ## - LOCAL SUBJECT ADDED ENTRY--TOPICAL TERM (OCLC, RLIN)
Topical term or geographic name as entry element Contention
690 ## - LOCAL SUBJECT ADDED ENTRY--TOPICAL TERM (OCLC, RLIN)
Topical term or geographic name as entry element déstigmatisation
690 ## - LOCAL SUBJECT ADDED ENTRY--TOPICAL TERM (OCLC, RLIN)
Topical term or geographic name as entry element neuro-pseudo-science
690 ## - LOCAL SUBJECT ADDED ENTRY--TOPICAL TERM (OCLC, RLIN)
Topical term or geographic name as entry element psychiatrie humaine
690 ## - LOCAL SUBJECT ADDED ENTRY--TOPICAL TERM (OCLC, RLIN)
Topical term or geographic name as entry element société inclusive
786 0# - DATA SOURCE ENTRY
Note VST - Vie sociale et traitements | 145 | 1 | 2020-02-11 | p. 63-69 | 0396-8669
856 41 - ELECTRONIC LOCATION AND ACCESS
Uniform Resource Identifier <a href="https://shs.cairn.info/revue-vie-sociale-et-traitements-2020-1-page-63?lang=fr&redirect-ssocas=7080">https://shs.cairn.info/revue-vie-sociale-et-traitements-2020-1-page-63?lang=fr&redirect-ssocas=7080</a>

Pas d'exemplaire disponible.

PLUDOC

PLUDOC est la plateforme unique et centralisée de gestion des bibliothèques physiques et numériques de Guinée administré par le CEDUST. Elle est la plus grande base de données de ressources documentaires pour les Étudiants, Enseignants chercheurs et Chercheurs de Guinée.

Adresse

627 919 101/664 919 101

25 boulevard du commerce
Kaloum, Conakry, Guinée

Réseaux sociaux

Powered by Netsen Group @ 2025